Las moradas

Gardado en:
Detalles Bibliográficos
Main Authors: Santa Teresa de Avila (Author), Santa Teresa de Jesús (Author)
Formato: Libro
Idioma:Lingua castelá
Publicado: Barcelona Juventud 1981
Series:Colección libros de bolsillos Z, 140
Subjects:
Tags: Engadir etiqueta
Sen Etiquetas, Sexa o primeiro en etiquetar este rexistro!

MARC

LEADER 00000nam a2200000 a 4500
001 UCX0148
003 CL-VaPUC
008 890821e19810000SP |||||||||||||||||spa|d
082 0 4 |a 248.894  |b TER  |2 21 
100 0 |a Santa Teresa de Avila  |e author  |9 314693 
700 0 |a Santa Teresa de Jesús  |e author  |9 313710 
245 1 4 |a Las moradas 
300 |a 235 p 
942 |c BK 
945 |d 19890821 00:00:00 
260 |a Barcelona  |b Juventud  |c 1981 
650 0 |a Misticismo  |9 265505 
650 0 |a Espiritualidad   |9 267331 
650 0 |a Experiencia religiosa  |9 315549 
650 0 |a Vida cristiana  |9 258753 
583 |a last modification  |c 19890821 00:00:00  |k Rodrigo Vera 
490 0 |a Colección libros de bolsillos Z, 140 
999 |c 221859  |d 221857 
952 |0 0  |1 0  |4 0  |6 248_894000000000000_TER_1981  |7 0  |8 A  |9 215848  |a FDOPOS  |b FDOPOS  |d 2019-11-15  |i 284382K  |o 248.894 TER 1981  |p 284382K  |r 2025-01-22  |w 2019-11-15  |y BK  |k MLH